000 00563nam a2200241 a 4500
001 nice12345678
003 IN_TiNIC
005 20260116012932.0
008 050524s1988 dela grp 000 0 urd
020 _a
_c100
082 0 0 _a245
_bANW
100 _aAnwar, G S Sing
245 _aIhsasat-E-Anwar
260 _aDelhi
_bMethodist Church
_c1988
300 _a47p
500 _aincludes index and biblioraphy
505 2 _aBibliography
650 _aChristian-Poetry
700 1 _aAnwar, G S Sing
902 _bSRS
942 _cBK
999 _c8963
_d8963